Contribuciones al Comercio Exterior 2019

Detalles Bibliográficos
Autor principal: Mňdez Castro, Ricardo
Formato: Software eBook
Lenguaje:español
Publicado: Ciudad de Mx̌ico: Ediciones Fiscales ISEF, 2019
Materias:
Acceso en línea:Acceso restringido

MARC

LEADER 00000nam a22000007a 4500
005 20190614002640.0
007 co|||| ||||
008 190614s2019 mx |||||s|||| 00||0 spa d
020 |a 978-607-541-121-7 
035 |a 23430 
040 |a vLex 
090 |c 8890  |d 8890 
100 1 |a Mňdez Castro, Ricardo 
245 1 0 |a Contribuciones al Comercio Exterior 2019  |h [Recurso electrn̤ico] /  |c Ricardo Mňdez Castro 
256 |a Servicio en ln̕ea 
260 |a Ciudad de Mx̌ico:  |b Ediciones Fiscales ISEF,  |c 2019 
300 |a 1 recurso electrn̤ico 
506 1 |a Disponible solo en los productos indicados  |d vLex Global  |d vLex Global (Academic Edition, excluding Law Schools)  |d vLex Global (U.S. Academic Edition, Law Schools)  |d vLex Global (U.S. Academic Edition, excluding Law Schools)  |d vLex Global (Academic Edition, Law Schools) 
650 0 4 |a Derecho Fiscal  |z Mx̌ico 
740 0 |a vLex Libros (Servicio en ln̕ea) 
856 4 0 |u http://vlex.com/source/contribuciones-al-comercio-exterior-2019-23430  |z Acceso restringido 
942 |c BOOK 
999 0 |a Tax Law